000 00286nam a2200109Ia 4500
999 _c8340
_d8340
020 _a9781461065289
100 _aMichael Greer
245 2 _aA Project Managers Partner :A Step -By-Step Guide To Project Management
260 _aNew Delhi
_bMcGraw Hill
_c2003
300 _a347
942 _cBK